| 000 | 01439nam a2200325 a 4500 | ||
|---|---|---|---|
| 999 |
_c25091 _d25091 |
||
| 001 | 1538782 | ||
| 003 | BDDh-ASL | ||
| 005 | 20231015030439.0 | ||
| 008 | 900524s1988 bg af b f100 0 eng | ||
| 010 | _a 90901814 | ||
| 020 | _cTk200.00 ($10.00 U.S.) | ||
| 025 | _aB E 5409 | ||
| 040 |
_aDLC _cDLC _dDLC _dBDDh-ASL |
||
| 043 | _aa-bg--- | ||
| 050 | 0 | 0 |
_aTD195.C45 _bN38 1988 |
| 082 |
_a363.7 _bPRO |
||
| 111 | 2 |
_aNational Symposium on Monitoring of Environmental Systems of Chemical Industries in Bangladesh _d(1988 : _cDhaka, Bangladesh) |
|
| 245 | 1 | 0 |
_aProceedings of the National Symposium on Monitoring of Environmental Systems of Chemical Industries in Bangladesh, held at BCIC Bhaban, Dilkusha, Dhaka, 30 January-4 February 1988 / _ceditor, S.Z. Haider. |
| 260 |
_aDhaka, Bangladesh : _bBose Centre for Advanced Study and Research, Dhaka University, _c[1988] |
||
| 300 |
_axii, 245 p., [12] p. of plates : _bill. (some col.) ; _c25 cm. |
||
| 500 | _aSpine title: Monitoring of environmental systems. | ||
| 504 | _aIncludes bibliographical references. | ||
| 650 | 0 |
_aChemical industry _xEnvironmental aspects _zBangladesh _xMeasurement _xCongresses. |
|
| 650 | 0 |
_aEnvironmental monitoring _zBangladesh _xCongresses. |
|
| 700 | 1 | _aHaider, S. Z. | |
| 740 | 0 | _aMonitoring of environmental systems. | |
| 906 |
_a7 _bcbc _corignew _d3 _encip _f19 _gy-gencatlg |
||
| 942 |
_2ddc _cBK |
||